Geography Quiz

Random Geography or City Quiz

Cities' Tallest Buildings Quiz Stats

 Plays Quiz Updated May 16, 2019

Score 0/22 Timer 08:00
3 Plays Today
City Building % Correct
New York City, USAOne World Trade Center
79.7%
Chicago, USAWillis (Sears) Tower
76.3%
Paris, FranceEiffel Tower
65.4%
Toronto, CanadaCN Tower
45%
Kuala Lumpur, MalaysiaPetronas Tower(s)
30.8%
Taipei, TaiwanTaipei 101
28.8%
Dubai, UAEBurj Khalifa
26.7%
London, UKThe Shard
17%
Tokyo, JapanTokyo Skytree
10.7%
Sydney, AustraliaSydney Tower
9.4%
Los Angeles, USAU.S. Bank Tower
8.1%
City Building % Correct
Berlin, GermanyFernsehturm
4.9%
Hong Kong, ChinaInternational Commerce Centre
2.9%
Houston, USAJP Morgan Chase Tower
2.6%
Shanghai, ChinaShanghai World Financial Center
2.5%
Riyadh, Saudi ArabiaKingdom Centre
2.3%
Moscow, RussiaOstankino Tower
2.1%
Johannesburg, South AfricaCarlton Centre
1.1%
Tehran, IranMilad Tower
1%
Madrid, SpainTorre Caja Madrid
0.7%
Buenos Aires, ArgentinaUnico Buenos Aires Hotel
0.2%
São Paulo, BrazilCompany Business Towers Torre A
0.1%

You're not logged in!

Compare scores with friends on all Sporcle quizzes.
OR
Log In

Sporcle TV

Today on Sporcle TV


Watch our educational content, quiz creation guides, and fun videos on Sporcle TV.

Show Comments

Extras

Top Quizzes Today


Score Distribution

Your Account Isn't Verified!

In order to create a playlist on Sporcle, you need to verify the email address you used during registration. Go to your Sporcle Settings to finish the process.

Report this User

Report this user for behavior that violates our Community Guidelines.

Details: